000 00316nam a2200121Ia 4500
005 20251222140108.0
008 251222s1900||||xx |||||||||||||| ||spa||
020 _a84-7441-271-3
082 _a241.2/F57
100 _a"Flecha Andrés, José-Román"
245 0 _aSed perfectos: Notas de moral fundamental
942 _cLIB
999 _c4180
_d4180